00386nam a2200157Ia 4500003000400000005001700004008004100021040000700062041000800069082001300077100001800090245003700108260005800145300001200203365001300215OSt20230503143407.0210423s2005 xx 000 0 und d cAL aeng a597 SANG aSANDHU (G S). aText book of fish and fisheries. aNew DelhibDominant Publishers and Distributorsc2005 a174bPB b375cINR